000 00688nam a2200205Ia 4500
003 IN-BaIIA
008 211028s9999 xx 000 0 eng d
040 _cIIA Library
080 _a083.7:69.028.1
_bISI
110 _aIndian Standards Institution
245 0 _aIndian standard specification for wooden flush door shutters (cellular and hollon core type)
_bpt. 1, plywood face panels
_cIndian Standards Institution
260 _aNew Delhi
_bIndian Standards Institution
_c1973
300 _a19p.
500 _aIS 2191 : Part 1 : 1973
650 _a Door Shutters
_98839
650 _a Standards 
650 _a Wooden Shuffers 
_98840
650 _aNASA Thesaurus 
942 _cBK
999 _c4938
_d4938